|
|
|
|
| LEADER |
00612cam a2200169 7i4500 |
| 001 |
0000038883 |
| 005 |
20170218090000.0 |
| 020 |
|
|
|a 9781597111003 (hbk.)
|
| 090 |
0 |
0 |
|a TR656
|b .R49 2009
|
| 100 |
1 |
|
|a Rexer, Lyle
|
| 245 |
1 |
4 |
|a The edge of vision :
|b the rise of abstraction in photography
|c Lyle Rexer.
|
| 260 |
|
|
|a New York:
|b Aperture : D.A.P.,
|c 2009.
|
| 300 |
|
|
|a 291 p.:
|b ill.;
|c 27 cm.
|
| 650 |
0 |
0 |
|a Photography, Abstract
|
| 997 |
|
|
|a Communication, Visual Art & Computing, Faculty
|b Visual Art, Department
|
| 998 |
|
|
|a Photographic Technology, Diploma
|
| 999 |
|
|
|a 0000049470
|b BOK
|c OPEN SHELF
|e 2nd Floor, Bestari Jaya
|